000
00367nam a22001577a 4500
003
MPLRDC
005
20220104142951.0
008
210129b ||||| |||| 00| 0 eng d
082
_a
496.5 YCC
100
_a
伊吹草著
245
_a
为什么卖得那么好!?
_c
260
_a
_b
现代工商出版社
_c
300
_b
平
650
_a
942
_c
BK
_o
496.5 YCC
999
_c
35344
_d
35334